Aspetti dell'ecumenismo

Spremljeno u:
Bibliografski detalji
Glavni autor: Congar, Yves Marie-Joseph (Autor)
Format: Knjiga
Jezik:talijanski
Izdano: Bruselas Marietti 1965
Teme:
Oznake: Dodaj oznaku
Bez oznaka, Budi prvi tko označuje ovaj zapis!

MARC

LEADER 00000nam a2200000 a 4500
001 UCH7455
003 CL-VaPUC
008 091112e19650000BE |||||||||||||||||ita|d
082 0 4 |a 280.042  |b CON  |2 21 
100 0 |a Congar, Yves Marie-Joseph  |e author  |9 395176 
245 1 0 |a Aspetti dell'ecumenismo 
300 |a 122 p 
942 |c BK 
945 |d 20091112 00:00:00  |a dcastane 
260 |a Bruselas  |b Marietti  |c 1965 
650 0 |a Ecumenismo  |9 255639 
583 |a last modification  |c 20091112 00:00:00  |k Rodrigo Vera 
999 |c 338051  |d 338049 
952 |0 0  |1 0  |4 0  |6 280_042000000000000_CON_1965  |7 0  |8 A  |9 430849  |a BIBTEO  |b BIBTEO  |d 2019-11-22  |i 4611888  |o 280.042 CON 1965  |p 4611888  |r 2025-01-17  |w 2019-11-22  |y BK  |k ICR